000 00691nab a2200193 4500
001 244442
003 OSt
005 20230628154435.0
007 tu
008 200917s2020|||||||
040 _aDE-2950
_cDE-2950
245 0 0 _aZum Erfahrungsaustausch von Südafrika nach Pargram.
_bHandwerk. Frans Setshedi ist Tischler und fertigt Möbel in Johannesburg. Nach Frankfurt ist er gekommen, um die Ausbildung in seiner Heimat zu verbessern /
_cPhilipp Stepputtis
264 _c2023
653 _aFrankfurt (Oder)
653 _aHandwerk
653 _aThomas, Stefan; Zimmermann
773 0 _g34. Jahrgang (2023) Nr. 141 vom 20.06.2023, S. 16: mit Foto
_tMärkische Oderzeitung
942 _2z
_cA
999 _c372588
_d372588